| 000 | 01117nam a22002417a 4500 | ||
|---|---|---|---|
| 005 | 20170123164157.0 | ||
| 010 | _aB-211519 | ||
| 020 |
_a8190402102 _c120.00 |
||
| 035 | _aB-211519 | ||
| 037 | _aCen Lib / Ret | ||
| 040 |
_aDPL _bPN |
||
| 082 |
_a260.2 _bਨਰਿੰਦ |
||
| 100 |
_aਨਰਿੰਦਰ ਨਿਰਛਲ _9131677 |
||
| 245 |
_aਗੁਰੂ ਨਾਨਕ ਦੇਵ ਜੀ ਦੀਆਂ ਵਾਰਾਂ : _bਸਰੂਪ ਅਤੇ ਵਿਸ਼ਲੇਸ਼ਣ _cਨਰਿੰਦਰ ਨਿਰਛਲ : (Punjabi) / |
||
| 246 |
_aGuru nanak dev ji dian varan : saroop ate vishleshan : punjabi / _bby Narinder Nirchhal |
||
| 260 |
_aਪਟਿਆਲਾ _bਗੁਰਮਤਿ ਪ੍ਰਕਾਸ਼ਨ _c2006 |
||
| 270 |
_aਐਨ. ਆਈ. ਜੀ. 13, ਅਰਬਨ ਅਸਟੇਟ ਫੇਸ _bਪਟਿਆਲਾ |
||
| 300 |
_a111p. _b23cm(Hb) |
||
| 650 |
_aਪੰਜਾਬੀ ਸਾਹਿਤ _vਪੰਜਾਬੀ ਸਾਹਿਤ-ਜੀਵਨੀ _93695 |
||
| 650 |
_aPunjabi literature _9131678 |
||
| 650 |
_aNanak, -- Guru _9131679 |
||
| 942 |
_2ddc _cPN _h260.2 _mਨਰਿੰਦ |
||
| 999 |
_c110800 _d110800 |
||